Practical methods of optimization /
Guardado en:
| Autor Principal: | |
|---|---|
| Formato: | Libro |
| Idioma: | Spanish |
| Publicado: |
Chichester [Eng.] :
Wiley,
c1980-1981.
|
| Materias: | |
| Etiquetas: |
Agregar Etiqueta
Sin Etiquetas, Sea el primero en etiquetar este registro!
|
| LEADER | 00946nam a22002415a 4500 | ||
|---|---|---|---|
| 001 | EIQ.libpla000178 | ||
| 008 | 051024m19801981nyua#####b####000#0#spa#d | ||
| 005 | 20060509190120.0 | ||
| 245 | 1 | 0 | |a Practical methods of optimization / |c R. Fletcher. |
| 260 | |a Chichester [Eng.] : |b Wiley, |c c1980-1981. | ||
| 300 | |a 2v. : |b il. ; |c 24 cm. | ||
| 500 | |a "A Wiley-Interscience publication". | ||
| 500 | |a Incluye índice. | ||
| 504 | |a Bibliografía: v. 1, p. 113-117; v. 2, p. 215-220. | ||
| 505 | 0 | |a v. 1. Unconstrained optimization -- v. 2. Constrained optimization. | |
| 020 | |a 0471277118 (v. 1) | ||
| 020 | |a 0471278289 (v. 2) | ||
| 100 | 1 | |a Fletcher, R. |q (Roger) | |
| 650 | 4 | |a Optimización matemática |x Métodos prácticos. | |
| 650 | 4 | |a Mathematical optimization |x Practical methods. | |
| 040 | |a AR-BbSID |b spa |c AR-BbSID | ||
| 859 | |a AR-BbSID |b BIB. PLAPIQUI |h 515.64 |i F659 |p 1329 |v 2 |3 Vol. 2 | ||
| 859 | |a AR-BbSID |b BIB. PLAPIQUI |h 515.64 |i F659 |p 1527 |v 1 |3 Vol.1 | ||
